Η θεωρία του Πανταχηκινήτου του Βενιαμίν Λέσβιου
Αποθηκεύτηκε σε:
| Κύριος συγγραφέας: | |
|---|---|
| Μορφή: | Βιβλίο |
| Γλώσσα: | Greek |
| Δημοσίευση: |
Πλωμάρι :
Λέσχη Πλωμαρίου "Βενιαμίν ο Λέσβιος",
2008.
|
| Θέματα: | |
| Ετικέτες: |
Προσθήκη ετικέτας
Δεν υπάρχουν, Καταχωρήστε ετικέτα πρώτοι!
|
MARC
| LEADER | 00000cam a2200000 i 4500 | ||
|---|---|---|---|
| 001 | 1/8633 | ||
| 008 | 100624s2008 gr | ||| |||| ||gre|| | ||
| 020 | |a 978960983600 | ||
| 035 | |l 10108329 | ||
| 040 | |a GR-MyUa |b gre |e AACR2 | ||
| 041 | 0 | |a gre | |
| 082 | 7 | |a 530.01 |2 (22) | |
| 100 | 1 | |a Ανδριώτης, Αντώνης Ν. | |
| 245 | 1 | 2 | |a Η θεωρία του Πανταχηκινήτου του Βενιαμίν Λέσβιου / |c Αντώνη Ν. Ανδριώτη. |
| 260 | |a Πλωμάρι : |b Λέσχη Πλωμαρίου "Βενιαμίν ο Λέσβιος", |c 2008. | ||
| 300 | |a 3 τ. ; |c 20 εκ. | ||
| 500 | |a Η έκδοση είναι μέρος του συνολικού έργου που περιλαμβάνει σε φωτομηχανική ανατύπωση τους τόμους Α' & Β' "Φυσική Βενιαμίν του Λέσβιου, χειρογραφείο παρά Φιλοθέου Ραϊσοπούλου του εξ Άνδρου" | ||
| 500 | |a Τα 3 τεκμήρια περιέχονται σε κασετίνα | ||
| 600 | 0 | 0 | |a Βενιαμίν ο Λέσβιος, |d 1762-1824 |x Manuscripts |x Facsimiles. |
| 650 | 0 | |a Physics |x Philosophy |x Manuscripts. | |
| 650 | 0 | |a Manuscripts, Greek (Medieval and modern) | |
| 740 | 0 | 2 | |a Φυσική Βενιαμίν του Λέσβιου, χειρογραφείο παρά Φιλοθέου Ραϊσοπούλου του εξ Άνδρου |
| 852 | |a INST |b LESVOS |e 20100624 |h 530.01 ΑΝΔ |p 005100046359 |q 005100046359 |t BK |y 0 |z τ.Β' | ||
| 852 | |a INST |b LESVOS |e 20100624 |h 530.01 ΑΝΔ |p 005100046360 |q 005100046360 |t BK |y 0 |z τ.Α' | ||
| 852 | |a INST |b LESVOS |e 20100624 |h 530.01 ΑΝΔ |p 005100046361 |q 005100046361 |t BK |y 0 |z ??? | ||
| 852 | |a INST |b LESVOS |e 20100728 |h 530.01 ΑΝΔ |p 005100048570 |q 005100048570 |t BK |y 0 |z ??? | ||
| 852 | |a INST |b LESVOS |e 20100728 |h 530.01 ΑΝΔ |p 005100048571 |q 005100048571 |t BK |y 0 |z τ.Α' | ||
| 852 | |a INST |b LESVOS |e 20100728 |h 530.01 ΑΝΔ |p 005100048572 |q 005100048572 |t BK |y 0 |z τ.Β' | ||
| 852 | |a INST |b LESVOS |e 20100728 |h 530.01 ΑΝΔ |p 005100048573 |q 005100048573 |t BK |y 0 |z ??? | ||
| 852 | |a INST |b LESVOS |e 20100728 |h 530.01 ΑΝΔ |p 005100048574 |q 005100048574 |t BK |y 0 |z τ.Α' | ||
| 852 | |a INST |b LESVOS |e 20100728 |h 530.01 ΑΝΔ |p 005100048575 |q 005100048575 |t BK |y 0 |z τ.Β' | ||
| 852 | |a INST |b LESVOS |e 20100728 |h 530.01 ΑΝΔ |p 005100048576 |q 005100048576 |t BK |y 0 |z ??? | ||
| 852 | |a INST |b LESVOS |e 20100728 |h 530.01 ΑΝΔ |p 005100048577 |q 005100048577 |t BK |y 0 |z τ.Α' | ||
| 852 | |a INST |b LESVOS |e 20100728 |h 530.01 ΑΝΔ |p 005100048578 |q 005100048578 |t BK |y 0 |z τ.Β' | ||
| 852 | |a INST |b LESVOS |e 20100728 |h 530.01 ΑΝΔ |p 005100048579 |q 005100048579 |t BK |y 0 |z ??? | ||
| 852 | |a INST |b LESVOS |e 20100728 |h 530.01 ΑΝΔ |p 005100048580 |q 005100048580 |t BK |y 0 |z τ.Α' | ||
| 852 | |a INST |b LESVOS |e 20100728 |h 530.01 ΑΝΔ |p 005100048581 |q 005100048581 |t BK |y 0 |z τ.Β' | ||
| 852 | |a INST |b LESVOS |e 20100728 |h 530.01 ΑΝΔ |p 005100048582 |q 005100048582 |t BK |y 0 |z ??? | ||
| 852 | |a INST |b LESVOS |e 20100728 |h 530.01 ΑΝΔ |p 005100048583 |q 005100048583 |t BK |y 0 |z τ.Α' | ||
| 852 | |a INST |b LESVOS |e 20100728 |h 530.01 ΑΝΔ |p 005100048584 |q 005100048584 |t BK |y 0 |z τ.Β' | ||
| 852 | |a INST |b LESVOS |e 20100728 |h 530.01 ΑΝΔ |p 005100048585 |q 005100048585 |t BK |y 0 |z ??? | ||
| 852 | |a INST |b LESVOS |e 20100728 |h 530.01 ΑΝΔ |p 005100048586 |q 005100048586 |t BK |y 0 |z τ.Α' | ||
| 852 | |a INST |b LESVOS |e 20100728 |h 530.01 ΑΝΔ |p 005100048587 |q 005100048587 |t BK |y 0 |z τ.Β' | ||
| 852 | |a INST |b LESVOS |e 20210319 |h 530.01 ΑΝΔ |p 005100048588 |q 005100048588 |t BK |y 0 | ||
| 852 | |a INST |b LESVOS |e 20210319 |h 530.01 ΑΝΔ |p 005100048589 |q 005100048589 |t BK |y 0 | ||
| 852 | |a INST |b LESVOS |e 20210319 |h 530.01 ΑΝΔ |p 005100048590 |q 005100048590 |t BK |y 0 | ||
| 852 | |a INST |b LESVOS |e 20210319 |h 530.01 ΑΝΔ |p 005100048591 |q 005100048591 |t BK |y 0 | ||
| 852 | |a INST |b LESVOS |e 20210319 |h 530.01 ΑΝΔ |p 005100048592 |q 005100048592 |t BK |y 0 | ||
| 852 | |a INST |b LESVOS |e 20210319 |h 530.01 ΑΝΔ |p 005100048593 |q 005100048593 |t BK |y 0 | ||
| 852 | |a INST |b LESVOS |e 20100728 |h 530.01 ΑΝΔ |p 005100048594 |q 005100048594 |t BK |y 0 |z ??? | ||
| 852 | |a INST |b LESVOS |e 20100728 |h 530.01 ΑΝΔ |p 005100048595 |q 005100048595 |t BK |y 0 |z τ.Α' | ||
| 852 | |a INST |b LESVOS |e 20100728 |h 530.01 ΑΝΔ |p 005100048596 |q 005100048596 |t BK |y 0 |z τ.Β' | ||
| 852 | |a INST |b LESVOS |e 20100624 |h 530.01 ΑΝΔ |p 005100046359 |q 005100046359 |t BK |v τ.2: |y 0 |z τ.Β' | ||
| 852 | |a INST |b LESVOS |e 20100624 |h 530.01 ΑΝΔ |p 005100046360 |q 005100046360 |t BK |v τ.1: |y 0 |z τ.Α' | ||
| 852 | |a INST |b LESVOS |e 20100624 |h 530.01 ΑΝΔ |p 005100046361 |q 005100046361 |t BK |v τ.3: |y 0 |z ??? | ||
| 852 | |a INST |b LESVOS |e 20100728 |h 530.01 ΑΝΔ |p 005100048570 |q 005100048570 |t BK |v τ.3: |y 0 |z ??? | ||
| 852 | |a INST |b LESVOS |e 20100728 |h 530.01 ΑΝΔ |p 005100048571 |q 005100048571 |t BK |v τ.1: |y 0 |z τ.Α' | ||
| 852 | |a INST |b LESVOS |e 20100728 |h 530.01 ΑΝΔ |p 005100048572 |q 005100048572 |t BK |v τ.2: |y 0 |z τ.Β' | ||
| 852 | |a INST |b LESVOS |e 20100728 |h 530.01 ΑΝΔ |p 005100048573 |q 005100048573 |t BK |v τ.3: |y 0 |z ??? | ||
| 852 | |a INST |b LESVOS |e 20100728 |h 530.01 ΑΝΔ |p 005100048574 |q 005100048574 |t BK |v τ.1: |y 0 |z τ.Α' | ||
| 852 | |a INST |b LESVOS |e 20100728 |h 530.01 ΑΝΔ |p 005100048575 |q 005100048575 |t BK |v τ.2: |y 0 |z τ.Β' | ||
| 852 | |a INST |b LESVOS |e 20100728 |h 530.01 ΑΝΔ |p 005100048576 |q 005100048576 |t BK |v τ.3: |y 0 |z ??? | ||
| 852 | |a INST |b LESVOS |e 20100728 |h 530.01 ΑΝΔ |p 005100048577 |q 005100048577 |t BK |v τ.1: |y 0 |z τ.Α' | ||
| 852 | |a INST |b LESVOS |e 20100728 |h 530.01 ΑΝΔ |p 005100048578 |q 005100048578 |t BK |v τ.2: |y 0 |z τ.Β' | ||
| 852 | |a INST |b LESVOS |e 20100728 |h 530.01 ΑΝΔ |p 005100048579 |q 005100048579 |t BK |v τ.3: |y 0 |z ??? | ||
| 852 | |a INST |b LESVOS |e 20100728 |h 530.01 ΑΝΔ |p 005100048580 |q 005100048580 |t BK |v τ.1: |y 0 |z τ.Α' | ||
| 852 | |a INST |b LESVOS |e 20100728 |h 530.01 ΑΝΔ |p 005100048581 |q 005100048581 |t BK |v τ.2: |y 0 |z τ.Β' | ||
| 852 | |a INST |b LESVOS |e 20100728 |h 530.01 ΑΝΔ |p 005100048582 |q 005100048582 |t BK |v τ.3: |y 0 |z ??? | ||
| 852 | |a INST |b LESVOS |e 20100728 |h 530.01 ΑΝΔ |p 005100048583 |q 005100048583 |t BK |v τ.1: |y 0 |z τ.Α' | ||
| 852 | |a INST |b LESVOS |e 20100728 |h 530.01 ΑΝΔ |p 005100048584 |q 005100048584 |t BK |v τ.2: |y 0 |z τ.Β' | ||
| 852 | |a INST |b LESVOS |e 20100728 |h 530.01 ΑΝΔ |p 005100048585 |q 005100048585 |t BK |v τ.3: |y 0 |z ??? | ||
| 852 | |a INST |b LESVOS |e 20100728 |h 530.01 ΑΝΔ |p 005100048586 |q 005100048586 |t BK |v τ.1: |y 0 |z τ.Α' | ||
| 852 | |a INST |b LESVOS |e 20100728 |h 530.01 ΑΝΔ |p 005100048587 |q 005100048587 |t BK |v τ.2: |y 0 |z τ.Β' | ||
| 852 | |a INST |b LESVOS |e 20210319 |h 530.01 ΑΝΔ |p 005100048588 |q 005100048588 |t BK |v τ.3: |y 0 | ||
| 852 | |a INST |b LESVOS |e 20210319 |h 530.01 ΑΝΔ |p 005100048589 |q 005100048589 |t BK |v τ.1: |y 0 | ||
| 852 | |a INST |b LESVOS |e 20210319 |h 530.01 ΑΝΔ |p 005100048590 |q 005100048590 |t BK |v τ.2: |y 0 | ||
| 852 | |a INST |b LESVOS |e 20210319 |h 530.01 ΑΝΔ |p 005100048591 |q 005100048591 |t BK |v τ.3: |y 0 | ||
| 852 | |a INST |b LESVOS |e 20210319 |h 530.01 ΑΝΔ |p 005100048592 |q 005100048592 |t BK |v τ.1: |y 0 | ||
| 852 | |a INST |b LESVOS |e 20210319 |h 530.01 ΑΝΔ |p 005100048593 |q 005100048593 |t BK |v τ.2: |y 0 | ||
| 852 | |a INST |b LESVOS |e 20100728 |h 530.01 ΑΝΔ |p 005100048594 |q 005100048594 |t BK |v τ.3: |y 0 |z ??? | ||
| 852 | |a INST |b LESVOS |e 20100728 |h 530.01 ΑΝΔ |p 005100048595 |q 005100048595 |t BK |v τ.1: |y 0 |z τ.Α' | ||
| 852 | |a INST |b LESVOS |e 20100728 |h 530.01 ΑΝΔ |p 005100048596 |q 005100048596 |t BK |v τ.2: |y 0 |z τ.Β' | ||
| 853 | |a INST |b LESVOS |h 530.01 ΑΝΔ | ||
| 901 | |a BIBL1-2010-2 | ||
| 920 | |a ΤΜΗΜΑ ΠΕΡΙΒΑΛΛΟΝΤΟΣ |y ΛΕΣΒΟΣ |z 2009-01 | ||
| 970 | |a ΤΖΑΦΕΡΗ |b ΕΥΑΓΓΕΛΙΑ |z 2010/06/24 | ||